THE UNITED NATIONS DEVELOPMENT PROGRAMME (Record no. 33347)

MARC details
000 -LEADER
fixed length control field 00323nam a22001337a 4500
003 - CONTROL NUMBER IDENTIFIER
control field SGT
020 ## - INTERNATIONAL STANDARD BOOK NUMBER
International Standard Book Number 97805821683166
082 ## - DEWEY DECIMAL CLASSIFICATION NUMBER
Classification number 338.91
Item number MUR
100 ## - MAIN ENTRY--PERSONAL NAME
Personal name MURPHY N CRAIG
245 ## - TITLE STATEMENT
Title THE UNITED NATIONS DEVELOPMENT PROGRAMME
Remainder of title A BETTER WAY
260 ## - PUBLICATION, DISTRIBUTION, ETC. (IMPRINT)
Place of publication, distribution, etc UK
Name of publisher, distributor, etc CAMBRIDGE UNIVERSITY
Year of Publication 2006
300 ## - PAGE DESCRIPTION
No. of Pages 372
942 ## - ADDED ENTRY ELEMENTS (KOHA)
Source of classification or shelving scheme Dewey Decimal Classification
Koha item type Books
Holdings
Withdrawn status Lost status Source of classification or shelving scheme Damaged status Not for loan Collection code Home library Current library Date acquired SGTU Total Checkouts Full call number Accession No. (Barcode) Date last seen Bill Date Koha item type
    Dewey Decimal Classification   Not For Loan LAW SGT Science & Social Sciences Library SGT Science & Social Sciences Library 15/01/2026 SGTU   338.91 MUR FL3905 15/01/2026 15/01/2026 Books